Statistics for Every Céline Dion song that hit the Billboard hot 100

Click here to take the quiz!

General Stats

  • This quiz has been taken 134 times
  • The average score is 9 of 21

Answer Stats

Peak Chart PositionYearSong% Correct
11998My Heart Will Go On
99%
11996Because You Loved Me (From "Up Close & Personal")
77%
11994The Power Of Love
72%
41997All By Myself
62%
91992Beauty And The Beast
62%
21996It's All Coming Back To Me Now
60%
62000That's The Way It Is
55%
222002A New Day Has Come
48%
951994Think Twice
48%
452003I Drove All Night
46%
11998I'm Your Angel
45%
542007Taking Chances
45%
41991Where Does My Heart Beat Now
43%
41992If You Asked Me To
34%
702008The Prayer (Live)
30%
231994Misled
27%
361993Love Can Move Mountains
22%
931995Only One Road
16%
231993When I Fall In Love (From "Sleepless In Seattle")
15%
291992Nothing Broken But My Heart
13%
351991(If There Was) Any Other Way
7%

Score Distribution

Percentile by Number Answered

Percent of People with Each Score

Your Score History

You have not taken this quiz